Bitcoin - 7 důvodů, proč si letos zaslouží vaši pozornost
Bitcoinová infraštruktúra zahŕňa množstvo služieb a produktov, ktoré umožňujú prepojenie digitálneho sveta s reálnym využitím. Kryptomena priťahujúca pozornosť investorov. Finanční lídri v bitcoinovom sektore.
Salvato in:
| Autore principale: | |
|---|---|
| Natura: | Capitolo di libro |
| Lingua: | ceco |
| Soggetti: | |
| Tags: |
Nessun Tag, puoi essere il primo ad aggiungerne!!
|
MARC
| LEADER | 00000naa a2200000 4500 | ||
|---|---|---|---|
| 001 | 0207521 | ||
| 005 | 20231211083952.8 | ||
| 041 | 0 | |a cze | |
| 044 | |a CZ | ||
| 245 | 1 | 0 | |a Bitcoin - 7 důvodů, proč si letos zaslouží vaši pozornost |c Karel Fillner |
| 520 | |a Bitcoinová infraštruktúra zahŕňa množstvo služieb a produktov, ktoré umožňujú prepojenie digitálneho sveta s reálnym využitím. Kryptomena priťahujúca pozornosť investorov. Finanční lídri v bitcoinovom sektore. | ||
| 610 | 2 | 0 | |a peniaze elektronické |
| 610 | 2 | 0 | |a mena virtuálna |
| 610 | 2 | 0 | |a báza menová |
| 610 | 2 | 0 | |a obeh peňažný |
| 610 | 2 | 0 | |a vzťahy peňažné |
| 610 | 2 | 0 | |a zásoba peňažná |
| 100 | 1 | |a Fillner, Karel | |